Serie A 2021-22 First XI - Statistics

General Stats
  • This quiz has been taken 424 times
  • The average score is 91 of 220
Answer Stats
Team Position Player % Correct
AC Milan GK Mike Maignan
94%
AC Milan MF Rafael Leão
93%
AC Milan FW Olivier Giroud
91%
AC Milan DF Simon Kjaer
91%
AC Milan DF Fikayo Tomori
90%
Juventus FW Paulo Dybala
89%
AS Roma GK Rui Patrício
89%
AC Milan DF Theo Hernandez
89%
Inter Milan FW Edin Džeko
87%
Inter Milan GK Samir Handanović
87%
Juventus MF Juan Cuadrado
86%
Juventus DF Matthijs de Ligt
86%
Juventus DF Alex Sandro
85%
Juventus DF Danilo
85%
Inter Milan DF Milan Škriniar
85%
Juventus MF Aaron Ramsey
84%
Juventus DF Leonardo Bonucci
84%
Juventus FW Álvaro Morata
83%
AS Roma FW Tammy Abraham
83%
Inter Milan MF Marcelo Brozović
81%
AC Milan MF Sandro Tonali
81%
Inter Milan DF Stefan de Vrij
81%
Juventus GK Wojciech Szczęsny
81%
AC Milan DF Davide Calabria
80%
Juventus MF Rodrigo Bentancur
80%
Lazio FW Ciro Immobile
79%
Napoli DF Kalidou Koulibaly
79%
Napoli DF Mário Rui
79%
Inter Milan MF Nicolò Barella
79%
Napoli FW Victor Osimhen
79%
AC Milan MF Brahim Diaz
78%
Lazio MF Sergej Milinkovic-Savic
78%
Torino GK Vanja Milinković-Savić
78%
Napoli GK Alex Meret
77%
Inter Milan MF Hakan Çalhanoğlu
77%
Inter Milan MF Ivan Perišić
77%
Inter Milan DF Alessandro Bastoni
76%
AS Roma MF Henrikh Mkhitaryan
76%
Spezia MF Simone Bastoni
76%
Napoli DF Kostas Manolas
75%
Atalanta FW Josip Iličić
74%
Atalanta FW Luis Muriel
74%
Napoli MF Piotr Zieliński
74%
Atalanta MF Robin Gosens
74%
Napoli FW Lorenzo Insigne
73%
AS Roma MF Lorenzo Pellegrini
73%
Napoli DF Giovanni Di Lorenzo
72%
Lazio GK Pepe Reina
72%
AC Milan MF Rade Krunić
71%
Napoli MF Fabián Ruiz
70%
Fiorentina FW Dušan Vlahović
69%
Cagliari FW João Pedro
69%
AC Milan MF Alexis Saelemaekers
68%
AS Roma DF Gianluca Mancini
67%
Atalanta GK Juan Musso
66%
Atalanta MF Mario Pašalić
66%
Atalanta DF Merih Demiral
66%
Lazio FW Pedro
66%
Lazio DF Elseid Hysaj
65%
Lazio FW Felipe Anderson
65%
Genoa FW Goran Pandev
64%
AS Roma DF Rick Karsdorp
64%
Napoli FW Matteo Politano
63%
Atalanta FW Ruslan Malinovskyi
63%
Atalanta DF Berat Djimsiti
62%
AS Roma MF Jordan Veretout
62%
Bologna FW Marko Arnautović
61%
Fiorentina DF Nikola Milenković
60%
Sassuolo GK Andrea Consigli
59%
Fiorentina GK Bartłomiej Drągowski
59%
AS Roma MF Bryan Cristante
59%
Atalanta MF Joakim Mæhle
57%
Bologna MF Musa Barrow
57%
Bologna GK Łukasz Skorupski
56%
Juventus MF Federico Bernardeschi
55%
AS Roma DF Roger Ibañez
55%
Napoli MF Stanislav Lobotka
55%
Torino DF Bremer
53%
Atalanta DF José Luis Palomino
53%
Lazio DF Francesco Acerbi
52%
Bologna DF Gary Medel
52%
Inter Milan MF Matteo Darmian
51%
Fiorentina DF Cristiano Biraghi
49%
AS Roma DF Matías Viña
49%
Fiorentina FW Nicolás González
49%
AS Roma MF Nicolò Zaniolo
49%
Lazio DF Luiz Felipe
47%
Sampdoria FW Fabio Quagliarella
46%
Fiorentina FW José Callejón
46%
Lazio MF Lucas Leiva
46%
Lazio DF Manuel Lazzari
46%
Torino DF Ricardo Rodríguez
46%
Empoli GK Guglielmo Vicario
45%
Sassuolo MF Jérémie Boga
43%
Bologna DF Lorenzo De Silvestri
43%
Atalanta MF Matteo Pessina
43%
Sassuolo FW Francesco Caputo
42%
Torino FW Antonio Sanabria
41%
Sassuolo MF Maxime Lopez
41%
Cagliari GK Alessio Cragno
40%
Salernitana FW Milan Đurić
40%
Bologna MF Riccardo Orsolini
40%
Sassuolo DF Vlad Chiricheș
40%
Sampdoria MF Antonio Candreva
39%
Cagliari DF Diego Godín
39%
Sampdoria DF Maya Yoshida
39%
Fiorentina DF Igor
38%
Sassuolo DF Jeremy Toljan
38%
Bologna DF Aaron Hickey
36%
Fiorentina MF Erick Pulgar
36%
Fiorentina MF Giacomo Bonaventura
36%
Udinese GK Marco Silvestri
36%
Sampdoria MF Mikkel Damsgaard
36%
Bologna MF Nicolás Domínguez
36%
Cagliari MF Nahitan Nández
35%
Empoli DF Simone Romagnoli
35%
Spezia FW Ebrima Colley
33%
Sampdoria GK Emil Audero
33%
Sampdoria DF Omar Colley
33%
Genoa GK Salvatore Sirigu
33%
Sassuolo MF Giacomo Raspadori
32%
Spezia GK Jeroen Zoet
32%
Cagliari MF Răzvan Marin
32%
Sampdoria MF Albin Ekdal
31%
Hellas Verona MF Antonín Barák
31%
Sassuolo DF Gian Marco Ferrari
31%
Lazio MF Jean-Daniel Akpa Akpro
31%
Udinese FW Roberto Pereyra
31%
Sassuolo MF Filip Đuričić
30%
Spezia FW Emmanuel Gyasi
29%
Salernitana MF Lassana Coulibaly
29%
Salernitana MF Mamadou Coulibaly
29%
Hellas Verona MF Miguel Veloso
29%
Cagliari FW Leonardo Pavoletti
28%
Hellas Verona DF Koray Günter
27%
Sassuolo MF Davide Frattesi
25%
Torino MF Karol Linetty
25%
Hellas Verona FW Nikola Kalinić
25%
Torino MF Ola Aina
25%
Bologna MF Roberto Soriano
25%
Torino MF Wilfried Singo
25%
Sampdoria MF Morten Thorsby
24%
Sassuolo DF Rogério
24%
Inter Milan FW Stefano Sensi
24%
Hellas Verona MF Darko Lazović
23%
Fiorentina DF Lorenzo Venuti
23%
Empoli DF Petar Stojanović
23%
Genoa DF Domenico Criscito
22%
Udinese DF Rodrigo Becão
22%
Torino MF Saša Lukić
22%
Spezia FW Daniele Verde
21%
Bologna MF Jerdy Schouten
21%
Udinese MF Nahuel Molina
21%
Empoli DF Ardian Ismajli
20%
Sampdoria DF Bartosz Bereszynski
20%
Salernitana FW Federico Bonazzoli
20%
Spezia MF Giulio Maggiore
20%
Salernitana GK Vid Belec
20%
Hellas Verona DF Pawel Dawidowicz
19%
Sampdoria DF Tommaso Augello
19%
Udinese FW Ignacio Pussetto
18%
Cagliari MF Kevin Strootman
18%
Empoli MF Nedim Bajrami
18%
Torino MF Rolando Mandragora
18%
Spezia DF Martin Erlić
17%
Empoli FW Patrick Cutrone
17%
Empoli MF Samuele Ricci
17%
Udinese DF Bram Nuytinck
16%
Torino DF Koffi Djidji
16%
Hellas Verona MF Mattia Zaccagni
16%
Genoa FW Yayah Kallon
16%
Torino MF Marko Pjaca
15%
Empoli MF Nicolas Haas
14%
Salernitana DF Norbert Gyömbér
14%
Cagliari DF Sebastian Walukiewicz
14%
Udinese MF Tolgay Arslan
14%
Hellas Verona MF Martin Hongla
13%
Hellas Verona MF Nicolò Casale
13%
Udinese MF Walace
13%
Venezia FW Dennis Johnsen
12%
Empoli MF Filippo Bandinelli
12%
Hellas Verona GK Ivor Pandur
12%
Sampdoria MF Manolo Gabbiadini
12%
Venezia GK Niki Mäenpää
12%
Spezia DF Petko Hristov
12%
Spezia DF Dīmītrīs Nikolaou
11%
Bologna DF Kevin Bonifazi
11%
Genoa DF Zinho Vanheusden
11%
Genoa DF Andrea Cambiaso
10%
Udinese MF Destiny Udogie
10%
Genoa MF Milan Badelj
10%
Cagliari MF Dalbert
9%
Empoli FW Leonardo Mancuso
9%
Venezia DF Mattia Caldara
9%
Spezia MF Salvador Ferrer
9%
Cagliari MF Alessandro Deiola
8%
Venezia MF Dor Peretz
8%
Genoa MF Hernani
8%
Udinese MF Jean-Victor Makengo
8%
Spezia MF Kelvin Amian
8%
Venezia DF Pietro Ceccaroni
8%
Udinese DF Samir
8%
Salernitana DF Stefan Strandberg
8%
Cagliari DF Andrea Carboni
7%
Genoa DF Davide Biraschi
7%
Genoa MF Nicolò Rovella
7%
Genoa MF Stefano Sturaro
7%
Venezia DF Tyronne Ebuehi
7%
Salernitana MF Wajdi Kechrida
7%
Hellas Verona DF Federico Ceccherini
6%
Venezia FW Francesco Forte
6%
Fiorentina MF Youssef Maleh
6%
Empoli DF Riccardo Marchizza
5%
Salernitana MF Matteo Ruggeri
4%
Salernitana DF Paweł Jaroszyński
4%
Venezia DF Cristian Molinaro
3%
Venezia MF Daan Heymans
3%
Salernitana MF Leonardo Capezzi
3%
Venezia FW Francesco Di Mariano
2%
Venezia MF Luca Fiordilino
2%
No matching quizzes found
Score Distribution
Percent of People with Each Score
Percentile by Number Answered
Your Score History
You have not taken this quiz